Normal view
MARC view
Entry Personal Name
001 - CONTROL NUMBER
- control field: 4871
003 - CONTROL NUMBER IDENTIFIER
- control field: OSt
005 - DATE AND TIME OF LATEST TRANSACTION
- control field: 20250926101326.0
008 - FIXED-LENGTH DATA ELEMENTS
- fixed length control field: 250926|| aca||aabn | a|a d
040 ## - CATALOGING SOURCE
- Original cataloging agency: OSt
- Transcribing agency: OSt
100 ## - HEADING--PERSONAL NAME
- Personal name: Pákozdy, Laco
670 ## - SOURCE DATA FOUND
- Source citation: Work cat.: (OSt)0: Machala, Drahoslav, 1947-2015 pht aut 4867, Slovenská vlastiveda II Trenčianska župa, 2014